Clifford, we love you / (Record no. 4760)

MARC details
000 -LEADER
fixed length control field 00896nam a22002897a 4500
001 - CONTROL NUMBER
control field 4760
003 - CONTROL NUMBER IDENTIFIER
control field FISKH
005 - DATE AND TIME OF LATEST TRANSACTION
control field 20250829143156.0
008 - FIXED-LENGTH DATA ELEMENTS--GENERAL INFORMATION
fixed length control field 241009b cb ||||| |||| 00| 0 eng d
020 ## - INTERNATIONAL STANDARD BOOK NUMBER
International Standard Book Number 9780590438438
040 ## - CATALOGING SOURCE
Original cataloging agency FISKH
Language of cataloging eng
Transcribing agency FISKH
Modifying agency FISKH
050 ## - LIBRARY OF CONGRESS CALL NUMBER
Classification number PZ7.B7633
082 ## - DEWEY DECIMAL CLASSIFICATION NUMBER
Classification number 152.4
100 ## - MAIN ENTRY--PERSONAL NAME
Personal name Bridwell, Norman
Dates associated with a name (1928–2014)
245 ## - TITLE STATEMENT
Title Clifford, we love you /
Statement of responsibility, etc. Norman Bridwell
250 ## - EDITION STATEMENT
Edition statement First printing in 1991
260 ## - PUBLICATION, DISTRIBUTION, ETC.
Place of publication, distribution, etc. New York :
Name of publisher, distributor, etc. Scholastic,
Date of publication, distribution, etc. 1991.
300 ## - PHYSICAL DESCRIPTION
Extent 30 pages
Other physical details color illustrations ;
Dimensions 21 cm
505 ## - FORMATTED CONTENTS NOTE
Formatted contents note G<br/>
520 ## - SUMMARY, ETC.
Summary, etc. When Clifford, the big red dog, is feeling sad, Emily Elizabeth and her friends do everything they can think of to cheer him up.
521 8# - TARGET AUDIENCE NOTE
Target audience note 350<br/><br/>
Source Lexile<br/>
521 8# - TARGET AUDIENCE NOTE
Target audience note G<br/>
Source Raz-Plus<br/>
650 ## - SUBJECT ADDED ENTRY--TOPICAL TERM
Source of heading or term Clifford
Topical term or geographic name entry element Friendship
Form subdivision Feelings
650 ## - SUBJECT ADDED ENTRY--TOPICAL TERM
Source of heading or term Valentines
Topical term or geographic name entry element Dogs
942 ## - ADDED ENTRY ELEMENTS (KOHA)
Source of classification or shelving scheme Dewey Decimal Classification
Koha item type Books
Suppress in OPAC No
Holdings
Withdrawn status Lost status Source of classification or shelving scheme Damaged status Not for loan Collection Home library Current library Shelving location Date acquired Total Checkouts Full call number Barcode Date last seen Copy number Price effective from Koha item type Date last checked out
    Dewey Decimal Classification     Juvenile Fiction Footprints International School Library Network Toul Kork Campus Footprints International School Library Network Toul Kork Campus TK Primary Library Room(4th Floor), Bookcase 7, Shelves 57-60, Dark Green Books 10/09/2024   BRI 152.4 PZ7.B7633 2024-2104 10/09/2024 1 10/09/2024 Books  
    Dewey Decimal Classification     Juvenile Fiction Footprints International School Library Network Toul Kork Campus Footprints International School Library Network Toul Kork Campus TK Primary Library Room(4th Floor), Bookcase 7, Shelves 57-60, Dark Green Books 11/01/2024 2 BRI 152.4 PZ7.B7633 FISTK03839 11/11/2025 2 11/01/2024 Books 09/04/2025
    Dewey Decimal Classification     Juvenile Fiction Footprints International School Library Network Toul Kork Campus Footprints International School Library Network Toul Kork Campus TK Primary Library Room(4th Floor), Bookcase 7, Shelves 57-60, Dark Green Books 04/28/2025   BRI 152.4 PZ7.B7633 FISTK03838 04/28/2025 3 04/28/2025 Books  
    Dewey Decimal Classification     Juvenile Fiction Footprints International School Library Network Toul Tom Poung Campus Footprints International School Library Network Toul Tom Poung Campus TTP Primary Green Bookshelves 08/29/2025 1 BRI 152.4 PZ7.B7633 FIS02857 03/20/2026 4 08/29/2025 Books 03/13/2026